| 000 | 01122nam a22003737a 4500 | ||
|---|---|---|---|
| 001 | BR0404197 | ||
| 003 | BR-BrBNA | ||
| 005 | 20230928101714.0 | ||
| 007 | ta | ||
| 008 | 230509b bl.||||| |||| 00| 0 por d | ||
| 040 |
_aBR-BrBNA _bpor _cBiblioteca Nacional de Agricultura |
||
| 041 | _a(Por) | ||
| 072 | _aP33 | ||
| 090 | _ P33 BR0404197 | ||
| 100 | 1 | _aFukuma, H.T. | |
| 110 | 1 |
_aCentro de Energia Nuclear na Agricultura, Piracicaba, SP (Brasil) _0Tese (Doutor em Ciências) |
|
| 245 | 1 | _aPurificação de ácido fosfórico de Itataia, Ceará: remoção de tório e outras espécies químicas | |
| 260 | 3 |
_aPiracicaba, SP (Brasil): _c2004. |
|
| 300 | _a160 p. | ||
| 500 | _aSummaries (Eng, Por); Bibliography p. 126-134; 56 tables; 33 illus. | ||
| 650 | _aFÓSFORO | ||
| 650 | _aURÂNIO | ||
| 650 | _aÁCIDO FOSFÓRICO | ||
| 650 | _aEXTRAÇÃO | ||
| 650 | _aSOLVENTE | ||
| 650 | _aPURIFICAÇÃO | ||
| 650 | _aADSORÇÃO | ||
| 650 | _aRADIAÇÃO | ||
| 650 | _aANÁLISE QUÍMICA | ||
| 650 | _aMÉTODO ESTATÍSTICO | ||
| 650 | _aCEARÁ | ||
| 909 |
_a202309 _bLucia _c55 _dLucia Elande |
||
| 942 | _cBK | ||
| 999 |
_c67174 _d67174 |
||